000 00837nam0a22002651 4500
001 rc\343581
005 20250621050544.0
010 _a5-256-00256-2
_925000
035 _a(NLR Aleph) 005587090
090 _a6173167
_c6173167
100 _a20030307d1989 |||y0rusy50 ca
101 0 _arus
102 _aRU
105 _aa |||||||||
200 1 _aМикропроцессорные средства и системы
210 _aМ.
_cРадио и связь
_d1989
215 _a287, [1] с.
_cил.
_d21
320 _aБиблиогр.: с. 284-286 (65 назв.)
700 1 _aЩелкунов
_bН.Н.
_gНиколай Николаевич
701 1 _aДианов
_bА.П.
_gАлександр Петрович
801 0 _aRU
_bNLR
_gpsbo
801 1 _aRU
_bELAR
_2rusmarc
852 _aNLR
_j89-5/5839
942 _cBOOK
980 _aNB